000 00781nam a2200277 i 4500
003 DO-SdBNP
005 20240425102539.0
006 a||||fr|||| 00| 0
007 ta
008 240425e1988 dr ||||| l||| 00| 0 spa d
040 _aDO-SdBNP
_bspa
_cBNPHU
_erda
082 4 _222
_bJ623e
100 _aJoaquín, Lidia
_910502
110 _9447
245 1 0 _aEstudios sociales 7 :
_bseptimo grado de primaria /
_cLidia Joaquín, Fidelina Baéz
264 _aSanto Domingo :
_bSusaeta
_c1988
300 _a196 páginas :
_bilustraciones
_c26 cm.
336 _2rdaconten
_atexto
_btxt
337 _2rdamedia
_asin mediación
_bn
338 _2rdacarrier
_avolumen
_bnc
590 _aInventariado 2024 / DG
650 _981711
651 _954814
910 _aDG
942 _2ddc
_cLBS1
999 _c56505
_d56505